000 00249nam a2200097Ia 4500
001 1103604
005 20250827003343.0
008 250824s9999 xx 000 0 und d
245 0 _aGÖNÜL GÖZÜ
_cBÜLENT GARDİYANOĞLU
260 _bDESTEK YAYINLARI
999 _c1103604
_d1103604